Planificación y presupuestos participativos en la ciudad de Madrid /

Guardat en:
Dades bibliogràfiques
Autor principal: Arenilla Sáez, Manuel
Format: Text
Etiquetes: Afegir etiqueta
Sense etiquetes, Sigues el primer a etiquetar aquest registre!

MARC

LEADER 00000 a a2200000 04500
001 13227
003
040
100 |a Arenilla Sáez, Manuel  
245 |a Planificación y presupuestos participativos en la ciudad de Madrid /  |c Manuel Arenilla Sáez 
773 |g número 20 Primavera; páginas 109-126  
999 |c 35741  |d 35741